| 000 | 00615nam a22001457a 4500 | ||
|---|---|---|---|
| 008 | 161115b xxu||||| |||| 00| 0 eng d | ||
| 050 | _aDT569.5.C968 | ||
| 100 |
_aCollquium of the second national cultural week _927436 |
||
| 245 |
_aThe Cultural identity of Cameroon _c/Collquium of the second national cultural week & Nguma,Pie Claude ['et al'] ' |
||
| 260 |
_aCameroon _bMinistry of Information and Culture Department of Cultural Affairs _c1985 |
||
| 300 |
_a519p.; _c22cm. |
||
| 650 |
_aCameroon _xSocial life and customs _927437 |
||
| 710 |
_aNguma Pie Claude ['et al'] _ejt.au. _927438 |
||
| 942 |
_2lcc _cMONOGRAPH |
||
| 999 |
_c125723 _d125723 |
||